000 00367nam a2200157Ia 4500
008 210210b1905 xxu||||| |||| 00| 0 eng d
041 _aeng
082 _a930/127
100 _aWILKINS
245 _aRoman antiquities
260 _aLondon
_bMacmillan & Co. Ltd.
_c1905
650 _aRoman
650 _aantiquities
690 _aAncient History
906 _a025040
999 _c150740
_d150740